¿Hacia una humanización del estado? : las relaciones públicas en la administración, con alusión a la municipal / Rafael A. Arnanz Delgado las relaciones públicas en la administración, con alusión a la municipal / Rafael A. Arnanz Delgado
Descripción Física:
322 p. ; 19 cm
Materias:
Relacions públiques
MARC
| LEADER | 00000nam a2200000Ia 4500 | ||
|---|---|---|---|
| 001 | 334 | ||
| 008 | 160829s1967 xx 000 0 cat d | ||
| 080 | |a M-4-156 | ||
| 100 | |a Arnanz, Rafael A. |9 23796 | ||
| 245 | |a ¿Hacia una humanización del estado? : |b las relaciones públicas en la administración, con alusión a la municipal / Rafael A. Arnanz Delgado | ||
| 260 | |a Madrid : |b [Municipalia], |c 1967 | ||
| 300 | |a 322 p. ; |c 19 cm | ||
| 650 | |a Relacions públiques |9 10579 | ||
| 901 | |a Arxiu | ||
| 942 | |n 1 | ||
| 952 | |0 0 |1 0 |4 0 |6 M4156 |7 1 |9 42859 |a Arxiu |b Arxiu |d 2016-12-01 |l 0 |o M-4-156 |p 334 |r 2016-12-01 00:00:00 |w 2016-12-01 |y ARXIU | ||
| 999 | |c 45365 |d 45365 | ||